header

Glaucoma screening (Record no. 220054)

MARC details
000 -LEADER
fixed length control field 01542nam a2200349 a 4500
245 00 - TITLE STATEMENT
Title Glaucoma screening
260 ## - PUBLICATION, DISTRIBUTION, ETC. (IMPRINT)
Place of publication Amsterdam, The Netherlands :
Name of publisher Kugler Publications,
Year of publication [2008]
300 ## - PHYSICAL DESCRIPTION
Number of Pages x, 150 p. :
Other physical details ill. (some col.).
490 1# - SERIES STATEMENT
Series statement Consensus series ;
650 #0 - SUBJECT ADDED ENTRY--TOPICAL TERM
Topical Term Glaucoma
700 1# - ADDED ENTRY--PERSONAL NAME
Personal name Weinreb, Robert N.,
Personal name Healey, Paul R.
Personal name Topouzis, Fotis.
856 40 - ELECTRONIC LOCATION AND ACCESS
Uniform Resource Identifier http://site.ebrary.com/lib/rucke/Doc?id=10505624

No items available.

© 2026 Rongo University
Contact us: librarian | system librarian | Rongo university